[Event "II Torneo C.V.A. A"]
[Site "Arvier ITA"]
[Date "2005.04.24"]
[Round "8"]
[White "Didoni, Renato"]
[Black "Vrban, Damir"]
[Result "1/2-1/2"]
[WhiteElo "2060"]
[BlackElo "2131"]
[PlyCount "76"]
[EventDate "2005.04.18"]

1. Nf3 f5 2. d4 Nf6 3. g3 g6 4. Bg2 Bg7 5. c3 O-O 6. Nbd2 c6 7. O-O d6 8. Qb3+
e6 9. Ng5 Qe7 10. e4 f4 11. Nh3 fxg3 12. hxg3 Kh8 13. Re1 e5 14. Nf1 Be6 15.
Qc2 Nbd7 16. Ng5 Bg8 17. b3 exd4 18. cxd4 Ng4 19. Nf3 c5 20. Bb2 cxd4 21. N1h2
Nde5 22. Bxd4 Nxf3+ 23. Nxf3 Bxd4 24. Nxd4 Rxf2 25. Qc3 Rf6 26. Ne2 Qe5 27.
Qxe5 Nxe5 28. Nf4 Rc8 29. Rac1 Rc6 30. Rxc6 bxc6 31. Rd1 g5 32. Ne2 Be6 33.
Rxd6 Kg7 34. Nd4 Bg4 35. Rd8 c5 36. Nb5 c4 37. Rd5 cxb3 38. axb3 Nf7 1/2-1/2

[Event "II Torneo C.V.A. A"]
[Site "Arvier ITA"]
[Date "2005.04.24"]
[Round "8"]
[White "Dvirnyy, Danyyil"]
[Black "Bjarnason, Oskar"]
[Result "0-1"]
[WhiteElo "2120"]
[BlackElo "2256"]
[PlyCount "84"]
[EventDate "2005.04.18"]

1. e4 c6 2. d4 d5 3. Nc3 dxe4 4. Nxe4 Bf5 5. Ng3 Bg6 6. h4 h6 7. f4 e6 8. h5
Bh7 9. Nf3 c5 10. Ne5 Nc6 11. Nxc6 bxc6 12. Be3 Nf6 13. Qf3 Qd5 14. Be2 cxd4
15. Bxd4 Rb8 16. O-O-O Bd6 17. Be5 Qc5 18. Bd3 Bxe5 19. fxe5 Qxe5 20. c3 O-O
21. Bxh7+ Kxh7 22. Rhe1 Qa5 23. Kb1 Rb6 24. Ne4 Nxe4 25. Qxe4+ Kg8 26. Qf3 Rfb8
27. Re2 Rb5 28. g4 Rd5 29. Rf1 Qc7 30. c4 Rd4 31. g5 hxg5 32. Qe3 Rf4 33. Rg1
Qa5 34. c5 Qa4 35. Qe5 Rd8 36. b3 Qd4 37. Qxg5 Rf5 38. Qg2 Rxh5 39. Rd2 Qxg1+
40. Qxg1 Rxd2 41. b4 Rhh2 42. a3 Rb2+ 0-1

[Event "II Torneo C.V.A. A"]
[Site "Arvier ITA"]
[Date "2005.04.24"]
[Round "8"]
[White "Frova, Martino"]
[Black "Renzini, Lorenzo"]
[Result "1-0"]
[WhiteElo "1742"]
[BlackElo "1736"]
[PlyCount "67"]
[EventDate "2005.04.18"]

1. e4 c5 2. Nf3 d6 3. d4 cxd4 4. Nxd4 Nf6 5. Nc3 a6 6. Bg5 e6 7. Be2 h6 8. Bh4
Be7 9. O-O Qc7 10. Bg3 Nc6 11. Nb3 b5 12. a3 Bb7 13. Nc5 O-O 14. Nxb7 Qxb7 15.
b4 Rad8 16. f4 d5 17. e5 Ne4 18. Qd3 Nxg3 19. Qxg3 Nd4 20. Bd3 Qb6 21. Qf2 Ne2+
22. Nxe2 d4 23. Rad1 a5 24. Kh1 axb4 25. axb4 Bxb4 26. f5 Bc5 27. Qf4 exf5 28.
Qxf5 g6 29. Qh3 Kg7 30. Rf6 Qc7 31. Qg3 Rde8 32. Rdf1 Re6 33. Bxg6 fxg6 34.
Qxg6+ 1-0

[Event "II Torneo C.V.A. A"]
[Site "Arvier ITA"]
[Date "2005.04.24"]
[Round "8"]
[White "Garcia Palermo, Carlos Horacio"]
[Black "Efimov, Igor"]
[Result "1-0"]
[WhiteElo "2459"]
[BlackElo "2458"]
[PlyCount "120"]
[EventDate "2005.04.18"]

1. d4 e6 2. c4 d5 3. Nf3 a6 4. cxd5 exd5 5. Nc3 Nc6 6. Qb3 Bb4 7. Bf4 Nge7 8.
e3 O-O 9. Be2 Be6 10. O-O Bd6 11. Bxd6 Qxd6 12. Rac1 Bg4 13. h3 Bh5 14. a3 Kh8
15. Rfd1 f5 16. Ne1 Na5 17. Qb4 Bxe2 18. Nxe2 Nc4 19. Qxd6 cxd6 20. Nd3 Rfc8
21. h4 a5 22. a4 Rc6 23. Nc3 Nb6 24. b3 Rac8 25. Nb5 g6 26. Rxc6 Rxc6 27. Rc1
Nbc8 28. Nc7 Rxc1+ 29. Nxc1 Nb6 30. Ne2 Nc6 31. Nc3 Nb4 32. Ne8 Nd3 33. Nxd6
Nc1 34. Nxb7 Nxb3 35. Nc5 Nd2 36. f3 Ndc4 37. Kf2 Kg7 38. g4 fxg4 39. fxg4 Kf7
40. g5 Nd6 41. Nb3 Ndc4 42. Kf3 Ke6 43. Kf4 Kd6 44. e4 dxe4 45. Kxe4 Kc6 46.
d5+ Kc7 47. Kd4 Nd6 48. Ke5 Nf5 49. h5 Nd7+ 50. Kf4 Kb6 51. h6 Ne7 52. d6 Nf5
53. Nd5+ Ka6 54. Nf6 Nxf6 55. gxf6 Nxd6 56. Ke5 Nf7+ 57. Ke6 Nxh6 58. Nc5+ Kb6
59. Nd7+ Kc7 60. Ne5 Kd8 1-0

[Event "II Torneo C.V.A. A"]
[Site "Arvier ITA"]
[Date "2005.04.24"]
[Round "8"]
[White "Greevenbosch, Cornelis"]
[Black "Ziltener, Werner"]
[Result "1-0"]
[WhiteElo "1794"]
[BlackElo "2095"]
[PlyCount "157"]
[EventDate "2005.04.18"]

1. e4 d6 2. d4 Nf6 3. Nc3 c6 4. Bg5 Nbd7 5. Nf3 e5 6. Bc4 Be7 7. dxe5 dxe5 8.
O-O Qc7 9. Qe2 O-O 10. a3 b5 11. Bb3 Nc5 12. Nd2 Bg4 13. f3 Be6 14. Bxe6 Nxe6
15. Be3 Nd4 16. Bxd4 exd4 17. Nd1 Bd6 18. g3 Rae8 19. Qg2 h5 20. Nf2 c5 21. f4
Ng4 22. Nxg4 hxg4 23. e5 Be7 24. Qe2 Qd7 25. Rae1 c4 26. Ne4 d3 27. Qd1 Qd4+
28. Rf2 Rd8 29. c3 Qb6 30. Qxg4 f5 31. exf6 Bxf6 32. Nxf6+ Rxf6 33. Re7 Rg6 34.
Qd1 Re6 35. Rxe6 Qxe6 36. Qd2 Re8 37. f5 Qe1+ 38. Qxe1 Rxe1+ 39. Kg2 Rc1 40.
Kf3 Re1 41. g4 Kf7 42. Rg2 Kf6 43. Rf2 Kg5 44. Rg2 Kf6 45. Rf2 Rg1 46. Kf4 Ke7
47. g5 Kf7 48. h4 Re1 49. Kf3 Rh1 50. Kg4 Rc1 51. Kf3 Ke7 52. h5 Rg1 53. Kf4 a6
54. Rh2 Kf7 55. Rf2 Kg8 56. Rh2 Rc1 57. Rf2 Kh7 58. Kf3 Kg8 59. Kf4 Rg1 60. Rh2
Rf1+ 61. Ke4 a5 62. Rg2 Rh1 63. h6 gxh6 64. gxh6+ Kh7 65. a4 Rh4+ 66. Ke5 bxa4
67. f6 Rh1 68. f7 Re1+ 69. Kd4 Rf1 70. Kxc4 Rxf7 71. Kxd3 Rb7 72. Rg7+ Rxg7 73.
hxg7 Kxg7 74. Kc4 a3 75. bxa3 Kf6 76. Kb5 Ke5 77. Kxa5 Kd6 78. Kb6 Kd5 79. a4
1-0

[Event "II Torneo C.V.A. A"]
[Site "Arvier ITA"]
[Date "2005.04.24"]
[Round "8"]
[White "Hansen, Henrik Damgaard"]
[Black "Rombaldoni, Axel"]
[Result "0-1"]
[WhiteElo "1909"]
[BlackElo "2147"]
[PlyCount "96"]
[EventDate "2005.04.18"]

1. e4 c5 2. c3 Nf6 3. e5 Nd5 4. Nf3 Nc6 5. d4 cxd4 6. cxd4 e6 7. a3 h6 8. Be2
b6 9. O-O Bb7 10. Nc3 Nxc3 11. bxc3 d5 12. c4 Be7 13. Bb2 O-O 14. cxd5 Qxd5 15.
Qd3 Rfd8 16. Rfd1 Na5 17. Ne1 Qd7 18. Qg3 Qa4 19. Bc1 Kh8 20. Be3 Nb3 21. Ra2
Nxd4 22. Bxd4 Rxd4 23. Rad2 Rad8 24. Qc3 Qxd1 25. Rxd1 Rxd1 26. Bxd1 Rxd1 27.
h3 Bc5 28. Kh2 Bxf2 29. Nf3 Bc5 30. Kg3 a5 31. Nd2 Bd5 32. a4 Re1 33. Nf3 Re3
34. Qb2 Rb3 35. Qe2 Rb4 36. Qa6 Rxa4 37. Qa7 Kg8 38. Qb8+ Kh7 39. Qe8 Ra3 40.
Qxf7 a4 41. Kg4 Re3 42. h4 Bxf3+ 43. gxf3 Rxe5 44. Qc7 Re1 45. h5 a3 46. Qa7
Rg1+ 47. Kf4 Rg5 48. Ke4 Rxh5 0-1

[Event "II Torneo C.V.A. A"]
[Site "Arvier ITA"]
[Date "2005.04.24"]
[Round "8"]
[White "Karl, Hans"]
[Black "Ortega, Lexy"]
[Result "0-1"]
[WhiteElo "2294"]
[BlackElo "2439"]
[PlyCount "86"]
[EventDate "2005.04.18"]

1. d4 d5 2. c4 c6 3. Nc3 dxc4 4. a4 e5 5. Nf3 exd4 6. Qxd4 Qxd4 7. Nxd4 Nd7 8.
e4 Ne5 9. Bf4 Bd6 10. Bxe5 Bxe5 11. O-O-O Nf6 12. f3 h5 13. Bxc4 g6 14. Nde2 a5
15. f4 Bc7 16. h3 Nd7 17. e5 Nc5 18. Nd4 Ke7 19. Nb3 Nxb3+ 20. Bxb3 Bf5 21. Bc2
Bb6 22. Bxf5 gxf5 23. Ne2 Rhg8 24. g3 Rad8 25. Kc2 Bf2 26. Rxd8 Rxd8 27. Rd1
Rxd1 28. Kxd1 Ke6 29. Kc2 Kd5 30. Kd3 Kc5 31. b3 b5 32. g4 fxg4 33. hxg4 hxg4
34. Ke4 Kb4 35. f5 Kxb3 36. Nd4+ Bxd4 37. Kxd4 bxa4 38. e6 fxe6 39. fxe6 a3 40.
e7 a2 41. e8=Q a1=Q+ 42. Kc5 Qc3+ 43. Kb6 g3 0-1

[Event "II Torneo C.V.A. A"]
[Site "Arvier ITA"]
[Date "2005.04.24"]
[Round "8"]
[White "Lisandri, Luigi"]
[Black "Lundmark, Giorgio"]
[Result "0-1"]
[WhiteElo "1517"]
[BlackElo "1825"]
[PlyCount "70"]
[EventDate "2005.04.18"]

1. c4 e5 2. Nc3 Nf6 3. d3 d5 4. cxd5 Nxd5 5. Nf3 Nc6 6. Bd2 Be7 7. g3 O-O 8.
Bg2 Be6 9. O-O f5 10. Nxd5 Bxd5 11. Re1 e4 12. dxe4 Bxe4 13. Bc3 Qxd1 14. Raxd1
Rad8 15. Ne5 Bxg2 16. Kxg2 Nxe5 17. Bxe5 c5 18. b3 b5 19. f4 c4 20. bxc4 bxc4
21. Bc3 Bc5 22. a4 Rfe8 23. Kf3 Rxd1 24. Rxd1 Re3+ 25. Kg2 Rxc3 26. Kf1 Ra3 27.
Rd8+ Kf7 28. Rd5 Ra1+ 29. Kg2 Bb6 30. Rxf5+ Ke6 31. Re5+ Kd6 32. e3 c3 33. e4
c2 34. Rd5+ Kc6 35. Rb5 c1=Q 0-1

[Event "II Torneo C.V.A. A"]
[Site "Arvier ITA"]
[Date "2005.04.24"]
[Round "8"]
[White "Naumkin, Igor"]
[Black "Hecht, Hans-Joachim"]
[Result "1/2-1/2"]
[WhiteElo "2412"]
[BlackElo "2384"]
[PlyCount "71"]
[EventDate "2005.04.18"]

1. d4 Nf6 2. Nf3 e6 3. c4 Bb4+ 4. Nbd2 O-O 5. a3 Be7 6. e4 d5 7. e5 Nfd7 8.
cxd5 exd5 9. Bd3 c5 10. Qc2 h6 11. O-O Nc6 12. Re1 a5 13. Qd1 Re8 14. Bb1 cxd4
15. Nb3 Nf8 16. Nbxd4 Bg4 17. Qd3 Bc5 18. Nxc6 bxc6 19. h3 Bh5 20. Qf5 Bg6 21.
Qg4 Qb6 22. Re2 d4 23. Bxg6 fxg6 24. Qe4 Rad8 25. Qd3 a4 26. Rc2 Rd5 27. Bf4
Qb5 28. Ne1 Be7 29. Rac1 Qxd3 30. Nxd3 c5 31. Bd2 g5 32. g3 Ne6 33. Rc4 Ra8 34.
f4 gxf4 35. gxf4 g6 36. Kf2 1/2-1/2

[Event "II Torneo C.V.A. A"]
[Site "Arvier ITA"]
[Date "2005.04.24"]
[Round "8"]
[White "Orfali, Marcelo Rafael"]
[Black "Virzi, Ettore"]
[Result "1/2-1/2"]
[WhiteElo "2041"]
[BlackElo "1972"]
[PlyCount "102"]
[EventDate "2005.04.18"]

1. e4 e5 2. Nf3 Nc6 3. Bb5 a6 4. Ba4 Nf6 5. O-O b5 6. Bb3 Bc5 7. c3 d6 8. d4
Bb6 9. h3 Bb7 10. Nbd2 exd4 11. cxd4 Nxd4 12. Nxd4 Bxd4 13. Nf3 Bb6 14. e5 dxe5
15. Nxe5 O-O 16. Bg5 c5 17. Qxd8 Raxd8 18. Ng4 c4 19. Bc2 Bd4 20. Rab1 h6 21.
Bh4 Rd7 22. Bf5 Rd5 23. Bxf6 Bxf6 24. Be4 Rd7 25. Bxb7 Rxb7 26. Nxf6+ gxf6 27.
Rfd1 Re8 28. Rd6 Re6 29. Rbd1 Kf8 30. Rxe6 fxe6 31. Rd6 a5 32. Rxe6 Kf7 33. Rc6
Re7 34. Kf1 Re5 35. a4 Kg6 36. f4 Rd5 37. Ke2 h5 38. g4 hxg4 39. hxg4 bxa4 40.
Rxc4 Rb5 41. Rxa4 Rxb2+ 42. Kf3 Rb3+ 43. Ke2 Rb2+ 44. Kd3 Rg2 45. Rxa5 Rxg4 46.
Ke4 Rg1 47. Rb5 Re1+ 48. Kf3 Rf1+ 49. Kg3 Rg1+ 50. Kf2 Ra1 51. Rc5 Ra3 1/2-1/2

[Event "II Torneo C.V.A. A"]
[Site "Arvier ITA"]
[Date "2005.04.24"]
[Round "8"]
[White "Rossi, Aldo A."]
[Black "Antoniacci, Riccardo"]
[Result "1-0"]
[WhiteElo "2108"]
[BlackElo "1997"]
[PlyCount "83"]
[EventDate "2005.04.18"]

1. d4 d5 2. e3 Nf6 3. Bd3 Nbd7 4. f4 c5 5. c3 e6 6. Nd2 Bd6 7. Nh3 O-O 8. O-O
b6 9. Qf3 Bb7 10. Nf2 Qc7 11. Kh1 Rfe8 12. Qh3 Nf8 13. g4 Re7 14. g5 Ne8 15.
Nf3 g6 16. Ng4 Nd7 17. Nfe5 f5 18. gxf6 Ndxf6 19. Bd2 Ne4 20. Be1 Bc8 21. Bh4
Rg7 22. Bxe4 dxe4 23. Nf6+ Kf8 24. Bg5 Nxf6 25. Bxf6 Rg8 26. Rg1 Bxe5 27. fxe5
Qd7 28. Rgd1 c4 29. Rd2 a5 30. Rf1 Ke8 31. Rdf2 Ra7 32. Bg5 Qc6 33. Bh6 Kd8 34.
Rf7 Rd7 35. Bf8 Rxf7 36. Rxf7 Qe8 37. Qf1 Bd7 38. Bd6 b5 39. a4 Kc8 40. axb5
Bxb5 41. Rc7+ Kd8 42. Qf6+ 1-0

[Event "II Torneo C.V.A. A"]
[Site "Arvier ITA"]
[Date "2005.04.24"]
[Round "8"]
[White "Rossi, Giampiero"]
[Black "Papale, Carmelo"]
[Result "1-0"]
[WhiteElo "2030"]
[BlackElo "1955"]
[PlyCount "76"]
[EventDate "2005.04.18"]

1. d4 Nf6 2. c4 c5 3. dxc5 e6 4. Nc3 Bxc5 5. Nf3 Nc6 6. a3 O-O 7. Bg5 a6 8. e3
Be7 9. Be2 Qc7 10. Rc1 b6 11. O-O Bb7 12. Qc2 Rac8 13. Rfd1 Rfd8 14. Bf4 d6 15.
h3 Nd7 16. Nd5 exd5 17. cxd5 Qb8 18. dxc6 Rxc6 19. Qb1 Rdc8 20. Rxc6 Rxc6 21.
Nd4 Rc5 22. Nf5 Bf8 23. Nxd6 Qa8 24. Nxb7 Qxb7 25. Bf3 Qa7 26. b4 Rc4 27. Qd3
Rxf4 28. exf4 Nf6 29. Qd8 a5 30. b5 Qe7 31. Qxe7 Bxe7 32. a4 Kf8 33. g4 Ne8 34.
Bd5 Nc7 35. f5 Ne8 36. Kg2 Bc5 37. f4 Nd6 38. Kf3 h5 1-0

[Event "II Torneo C.V.A. A"]
[Site "Arvier ITA"]
[Date "2005.04.24"]
[Round "8"]
[White "Siegmund, Rainer"]
[Black "Battistella, Stefano"]
[Result "0-1"]
[WhiteElo "2149"]
[BlackElo "2055"]
[PlyCount "74"]
[EventDate "2005.04.18"]

1. d4 e6 2. c4 b6 3. a3 f5 4. Nf3 Nf6 5. g3 Bb7 6. Bg2 Bd6 7. Nc3 O-O 8. O-O a5
9. Bg5 h6 10. Bxf6 Qxf6 11. Nb5 Na6 12. Qd2 Rfe8 13. e3 Bf8 14. Ne5 Bxg2 15.
Kxg2 Rad8 16. f4 d6 17. Nc6 Rd7 18. b4 Nb8 19. Nba7 Nxc6 20. Nxc6 axb4 21. axb4
Qf7 22. Qc2 g6 23. Ra2 Bg7 24. Qc3 Kh7 25. Re1 b5 26. c5 e5 27. Ra6 exd4 28.
exd4 Rxe1 29. Qxe1 Qd5+ 30. Kh3 g5 31. fxg5 hxg5 32. Qe8 Rf7 33. Nd8 Rf6 34.
Nf7 Rxf7 35. Ra8 g4+ 36. Kh4 Kg6 37. Qg8 Qe6 0-1

[Event "II Torneo C.V.A. A"]
[Site "Arvier ITA"]
[Date "2005.04.24"]
[Round "8"]
[White "Straub, Peter"]
[Black "Bisignano, Giuseppe"]
[Result "1/2-1/2"]
[WhiteElo "2112"]
[BlackElo "1956"]
[PlyCount "213"]
[EventDate "2005.04.18"]

1. e4 e5 2. Nf3 Nc6 3. Bb5 a6 4. Ba4 Nf6 5. O-O Be7 6. Re1 b5 7. Bb3 d6 8. c3
O-O 9. h3 Na5 10. Bc2 c5 11. d4 Qc7 12. Nbd2 Bd7 13. Nf1 cxd4 14. cxd4 Rfc8 15.
Bd3 Bf8 16. Bd2 Nc4 17. Rc1 Qb8 18. Bxc4 bxc4 19. Bc3 Re8 20. N1d2 Qb5 21. a4
Qxa4 22. Qxa4 Bxa4 23. dxe5 dxe5 24. Nxc4 Bc6 25. Nfd2 Nd7 26. Nxe5 Nxe5 27.
Bxe5 Rxe5 28. Rxc6 a5 29. Nc4 Rb5 30. Rd1 a4 31. Rd5 Rb4 32. e5 g6 33. Rd7 Bh6
34. Rcc7 Rab8 35. Rxf7 Rxc4 36. Ra7 Rxb2 37. e6 Rb8 38. Rfd7 Re8 39. Rxh7 Bf8
40. g4 Rxe6 41. g5 Rf4 42. h4 Re2 43. h5 gxh5 44. g6 Re1+ 45. Kg2 Rg4+ 46. Kf3
Rxg6 47. Rxh5 a3 48. Rf5 Re8 49. Rd5 Rf6+ 50. Kg4 Re4+ 51. Kh5 Rxf2 52. Rg5+
Kh8 53. Ra8 a2 54. Rga5 Kh7 55. R8a7+ Bg7 56. Kg5 Re1 57. Rxa2 Rg1+ 58. Kh4 Rf6
59. R2a6 Kg6 60. Rxf6+ Bxf6+ 61. Kh3 Kf5 62. Ra3 Be5 63. Rb3 Bf4 64. Ra3 Ke4
65. Rb3 Be3 66. Kh4 Kf3 67. Kh5 Ke4 68. Rb5 Bf4 69. Kh4 Be3 70. Rb3 Bd4 71. Rb4
Ke5 72. Kh3 Rh1+ 73. Kg4 Rh7 74. Kf3 Rh4 75. Rb5+ Kf6 76. Rd5 Be5 77. Rd8 Kf5
78. Rf8+ Bf6 79. Re8 Rh3+ 80. Ke2 Kf4 81. Rf8 Kf5 82. Re8 Be5 83. Rf8+ Ke4 84.
Rf2 Bf4 85. Rg2 Ra3 86. Rg8 Ra2+ 87. Kd1 Rd2+ 88. Ke1 Kf3 89. Rf8 Ra2 90. Kd1
Ke4 91. Rd8 Be3 92. Rd7 Bd4 93. Ke1 Rg2 94. Re7+ Kd3 95. Rf7 Rg1+ 96. Rf1 Bc3+
97. Kf2 Bd4+ 98. Ke1 Rg2 99. Rh1 Be3 100. Kf1 Rg6 101. Ke1 Rf6 102. Rh3 Rf5
103. Rh1 Bd2+ 104. Kd1 Rf3 105. Rg1 Rf2 106. Rg3+ Be3 107. Ke1 1/2-1/2

[Event "II Torneo C.V.A. A"]
[Site "Arvier ITA"]
[Date "2005.04.24"]
[Round "8"]
[White "Traversi, Carlo"]
[Black "Bogatto, Mario"]
[Result "1-0"]
[WhiteElo "1820"]
[BlackElo "1365"]
[PlyCount "99"]
[EventDate "2005.04.18"]

1. e4 c5 2. Nf3 e6 3. Nc3 a6 4. d4 cxd4 5. Nxd4 d6 6. Be3 Nf6 7. Be2 Bd7 8. O-O
b5 9. a3 Nc6 10. f4 Qc7 11. Bf3 Rc8 12. g4 Nxd4 13. Qxd4 Bc6 14. Rad1 Nd7 15.
Rfe1 e5 16. Qd2 f6 17. f5 Nb6 18. Bxb6 Qxb6+ 19. Qf2 Qxf2+ 20. Kxf2 Bb7 21. Rd2
Rc6 22. Nd5 a5 23. c3 Rc5 24. Be2 Bxd5 25. Rxd5 Rxd5 26. exd5 Kd7 27. Bxb5+ Kc7
28. Re4 Kb6 29. a4 Be7 30. Rc4 Rb8 31. Ke2 Rb7 32. Rc6+ Ka7 33. Ra6+ Kb8 34.
Rxa5 Ra7 35. Rxa7 Kxa7 36. b4 Bd8 37. a5 h6 38. h3 Bc7 39. Kd3 Kb7 40. Kc2 Bb8
41. Bd3 Bc7 42. Kb3 Bd8 43. Ka4 Bc7 44. Kb5 Bd8 45. c4 Bc7 46. Be4 Ka7 47. c5
Kb7 48. Bd3 Bb8 49. c6+ Kc7 50. Ka6 1-0

[Event "II Torneo C.V.A. A"]
[Site "Arvier ITA"]
[Date "2005.04.25"]
[Round "9"]
[White "Antoniacci, Riccardo"]
[Black "Orfali, Marcelo Rafael"]
[Result "1-0"]
[WhiteElo "1997"]
[BlackElo "2041"]
[PlyCount "59"]
[EventDate "2005.04.18"]

1. e4 e5 2. Nc3 Nc6 3. f4 d6 4. Nf3 Nf6 5. Bb5 Bg4 6. O-O Qd7 7. h3 Bxf3 8.
Qxf3 a6 9. Ba4 b5 10. Bb3 Nd4 11. Qe3 c5 12. d3 Rc8 13. a3 Be7 14. Qf2 O-O 15.
Be3 Nxb3 16. cxb3 d5 17. exd5 exf4 18. Qxf4 Nxd5 19. Nxd5 Qxd5 20. Qe4 Qxe4 21.
dxe4 c4 22. bxc4 Rxc4 23. e5 Re4 24. Bd2 Rxe5 25. Bc3 Bc5+ 26. Kh1 Re2 27. Rf5
Rc8 28. Rd1 Be7 29. Rdf1 f6 30. Rd1 1-0

[Event "II Torneo C.V.A. A"]
[Site "Arvier ITA"]
[Date "2005.04.25"]
[Round "9"]
[White "Battistella, Stefano"]
[Black "Karl, Hans"]
[Result "0-1"]
[WhiteElo "2055"]
[BlackElo "2294"]
[PlyCount "94"]
[EventDate "2005.04.18"]

1. Nf3 d5 2. d4 e6 3. e3 Nd7 4. Bd3 Bd6 5. c4 c6 6. Nc3 Ngf6 7. O-O O-O 8. Qc2
dxc4 9. Bxc4 e5 10. dxe5 Nxe5 11. Nxe5 Bxe5 12. f4 Bc7 13. Kh1 Qe7 14. Bd2 Be6
15. Bd3 Rad8 16. Ne4 Nxe4 17. Bxe4 f5 18. Bd3 Qd6 19. Bc4 Bxc4 20. Qxc4+ Qd5
21. Qxd5+ Rxd5 22. Bc3 Re8 23. Rae1 Re4 24. g4 fxg4 25. Rg1 g6 26. Rxg4 Bb6 27.
Rg3 Kf7 28. Kg2 Bd8 29. Re2 Bb6 30. Re1 Bd8 31. Rf1 b5 32. a3 a5 33. Kf3 Rc4
34. Rg2 Bb6 35. Re2 Rd3 36. Rfe1 Bc7 37. h3 Rxf4+ 38. Kg2 Rf5 39. Rf2 c5 40.
Rxf5+ gxf5 41. Kf3 Ke6 42. Ke2 c4 43. Rg1 Be5 44. Bxe5 Kxe5 45. Rg7 Rb3 46.
Rxh7 Rxb2+ 47. Kf3 c3 0-1

[Event "II Torneo C.V.A. A"]
[Site "Arvier ITA"]
[Date "2005.04.25"]
[Round "9"]
[White "Bisignano, Giuseppe"]
[Black "Beccaris, Gabriele"]
[Result "1-0"]
[WhiteElo "1956"]
[BlackElo "2091"]
[PlyCount "72"]
[EventDate "2005.04.18"]

1. e4 c5 2. Nf3 a6 3. Nc3 e6 4. g3 d5 5. exd5 exd5 6. d4 c4 7. Bg2 Nf6 8. O-O
Be7 9. Re1 O-O 10. h3 b5 11. Bg5 Ra7 12. Ne5 Be6 13. Ne2 Ne4 14. Bxe7 Rxe7 15.
Nf4 f5 16. f3 Nxg3 17. Kh2 Nh5 18. Nxh5 f4 19. Rg1 Qe8 20. Nxf4 Rxf4 21. Qd2
Qf8 22. a4 b4 23. a5 Rc7 24. Bf1 Nc6 25. Nxc6 Rxc6 26. Re1 Rxf3 27. Bg2 Rf2 28.
Qg5 h6 29. Qe3 Rxc2 30. Rgf1 Qd8 31. Kh1 Bf7 32. Rf5 Rf6 33. Re5 Rff2 34. Bf3
Rh2+ 35. Kg1 Rxh3 36. Bxd5 Rxe3 1-0

[Event "II Torneo C.V.A. A"]
[Site "Arvier ITA"]
[Date "2005.04.25"]
[Round "9"]
[White "Bogatto, Mario"]
[Black "Cavatorta, Fosco"]
[Result "0-1"]
[WhiteElo "1365"]
[BlackElo "1997"]
[PlyCount "36"]
[EventDate "2005.04.18"]

1. d4 d6 2. g3 g6 3. Bg2 Bg7 4. c3 Nf6 5. Nf3 O-O 6. O-O Nbd7 7. Re1 Rb8 8. e4
e5 9. Bg5 h6 10. Be3 Nxe4 11. Bxh6 Nxf2 12. Kxf2 Bxh6 13. dxe5 dxe5 14. Nxe5
Nxe5 15. Qxd8 Ng4+ 16. Kg1 Rxd8 17. Na3 Be3+ 18. Kh1 Nf2+ 0-1

[Event "II Torneo C.V.A. A"]
[Site "Arvier ITA"]
[Date "2005.04.25"]
[Round "9"]
[White "Cebalo, Miso"]
[Black "Abergel, Thal"]
[Result "0-1"]
[WhiteElo "2507"]
[BlackElo "2456"]
[PlyCount "78"]
[EventDate "2005.04.18"]

1. d4 Nf6 2. c4 e6 3. Nc3 Bb4 4. f3 O-O 5. a3 Bxc3+ 6. bxc3 Ne8 7. e4 b6 8. Bd3
Nc6 9. a4 Na5 10. Ba3 d6 11. f4 Ba6 12. Qe2 c5 13. Nf3 cxd4 14. cxd4 Rc8 15.
Nd2 Qf6 16. Bb2 Qxf4 17. g3 Qg5 18. O-O f6 19. e5 d5 20. exf6 Nxf6 21. Qxe6+
Kh8 22. Nf3 Qh5 23. Ne5 Rce8 24. Qf5 Qxf5 25. Rxf5 Bxc4 26. Bxc4 Nxc4 27. Nxc4
dxc4 28. Rc1 Re2 29. Ba3 Rc8 30. d5 Rd2 31. d6 Rd3 32. Bb4 a5 33. Bc3 Rxd6 34.
Re1 Kg8 35. Re7 Rcc6 36. Rb7 Rd3 37. Bxf6 gxf6 38. Rf1 c3 39. Re1 Kf8 0-1

[Event "II Torneo C.V.A. A"]
[Site "Arvier ITA"]
[Date "2005.04.25"]
[Round "9"]
[White "Corke, Anya S."]
[Black "De Santis, Alessio"]
[Result "1/2-1/2"]
[WhiteElo "2138"]
[BlackElo "2248"]
[PlyCount "38"]
[EventDate "2005.04.18"]

1. d4 f5 2. e4 fxe4 3. Nc3 Nf6 4. Bg5 d5 5. Bxf6 exf6 6. Qh5+ g6 7. Qxd5 Bb4 8.
Qxe4+ Kf7 9. Bc4+ Kg7 10. Nge2 Re8 11. Qd3 Bf5 12. Qd2 c5 13. O-O Nc6 14. d5
Rc8 15. Bb5 a6 16. Bxc6 Rxc6 17. Ng3 Rd6 18. Nxf5+ gxf5 19. Rad1 Re5 1/2-1/2

[Event "II Torneo C.V.A. A"]
[Site "Arvier ITA"]
[Date "2005.04.25"]
[Round "9"]
[White "De Leeuw, Johannes"]
[Black "Di Cio', Enrico"]
[Result "1-0"]
[WhiteElo "1983"]
[BlackElo "1820"]
[PlyCount "57"]
[EventDate "2005.04.18"]

1. e4 e5 2. Nf3 Nc6 3. Bc4 Bc5 4. c3 Nf6 5. d3 a6 6. O-O O-O 7. Bg5 h6 8. Bh4
Be7 9. Nbd2 d5 10. Bxf6 dxc4 11. Bxe7 Qxe7 12. Nxc4 b5 13. Ne3 Bb7 14. Nf5 Qe6
15. Qe2 Rad8 16. Rfd1 Rd7 17. Rd2 Rfd8 18. b3 Ne7 19. Nxe7+ Rxe7 20. Nh4 g6 21.
Rad1 Red7 22. Qe3 Kh7 23. Nf3 f6 24. Ne1 g5 25. f3 Qe7 26. d4 exd4 27. Rxd4
Rxd4 28. Rxd4 Qc5 29. Rd7+ 1-0

[Event "II Torneo C.V.A. A"]
[Site "Arvier ITA"]
[Date "2005.04.25"]
[Round "9"]
[White "Efimov, Igor"]
[Black "Naumkin, Igor"]
[Result "0-1"]
[WhiteElo "2458"]
[BlackElo "2412"]
[PlyCount "42"]
[EventDate "2005.04.18"]

1. d4 e6 2. c4 f5 3. g4 fxg4 4. e4 d5 5. Nc3 dxe4 6. Be3 Nf6 7. Qc2 Nc6 8.
O-O-O Nb4 9. Qb3 Bd7 10. a3 a5 11. Rd2 a4 12. Qd1 Nd3+ 13. Kb1 b5 14. cxb5 Qb8
15. Bg2 Bxb5 16. Nxe4 Bxa3 17. bxa3 Nxe4 18. Ka1 Nxd2 19. Qxd2 Bc4 20. Qc3 Ra6
21. Ne2 Qb3 0-1

[Event "II Torneo C.V.A. A"]
[Site "Arvier ITA"]
[Date "2005.04.25"]
[Round "9"]
[White "Greevenbosch, Cornelis"]
[Black "Dvirnyy, Danyyil"]
[Result "1-0"]
[WhiteElo "1794"]
[BlackElo "2120"]
[PlyCount "59"]
[EventDate "2005.04.18"]

1. e4 c5 2. Nf3 e6 3. d4 cxd4 4. Nxd4 a6 5. c4 Qc7 6. Nc3 Nf6 7. a3 Nc6 8. Nxc6
bxc6 9. Be2 Bd6 10. Be3 c5 11. Qd2 Bb7 12. O-O-O Be5 13. f3 O-O 14. g4 Bc6 15.
h4 Rfb8 16. Bxc5 Bxe4 17. Bd4 Bf4 18. Be3 Bxe3 19. Qxe3 Qb7 20. Rd2 Bc6 21. h5
Nxg4 22. Qf4 Nh6 23. Rg1 Nf5 24. Ne4 Qb6 25. c5 Qb3 26. Bd3 Kh8 27. Nc3 g6 28.
Bxf5 exf5 29. Qe5+ Kg8 30. h6 1-0

[Event "II Torneo C.V.A. A"]
[Site "Arvier ITA"]
[Date "2005.04.25"]
[Round "9"]
[White "Hecht, Hans-Joachim"]
[Black "Bjarnason, Oskar"]
[Result "1/2-1/2"]
[WhiteElo "2384"]
[BlackElo "2256"]
[PlyCount "27"]
[EventDate "2005.04.18"]

1. d4 d5 2. c4 c6 3. Nf3 Nf6 4. e3 a6 5. Bd3 Bg4 6. Qb3 Bxf3 7. Qxb7 Bxg2 8.
Rg1 dxc4 9. Rxg2 cxd3 10. Qxa8 Qc7 11. Nc3 Nfd7 12. Na4 Qa5+ 13. Nc3 Qc7 14.
Na4 1/2-1/2

[Event "II Torneo C.V.A. A"]
[Site "Arvier ITA"]
[Date "2005.04.25"]
[Round "9"]
[White "Lisandri, Luigi"]
[Black "Lattanzi, Domenico"]
[Result "0-1"]
[WhiteElo "1517"]
[BlackElo "1898"]
[PlyCount "60"]
[EventDate "2005.04.18"]

1. c4 c5 2. d3 Nf6 3. Nc3 g6 4. e4 Nc6 5. Nf3 d6 6. Be2 Bg7 7. O-O O-O 8. a3
Nd7 9. Rb1 Nde5 10. Qe1 f5 11. h3 fxe4 12. Nxe4 Nxf3+ 13. Bxf3 Rxf3 14. Ng5 Rf6
15. Ne4 Rf8 16. Bg5 Bf5 17. Qd2 Ne5 18. Rfd1 Nxc4 19. dxc4 Bxe4 20. Rbc1 Rf5
21. h4 Bd4 22. b4 Rxf2 23. Qxf2 Bxf2+ 24. Kxf2 Qf8+ 25. Kg1 h6 26. Be3 Qf6 27.
Bf2 Rf8 28. Rd2 Qf4 29. Rcd1 Qg4 30. Be3 Bxg2 0-1

[Event "II Torneo C.V.A. A"]
[Site "Arvier ITA"]
[Date "2005.04.25"]
[Round "9"]
[White "Ortega, Lexy"]
[Black "Bruno, Fabio"]
[Result "1-0"]
[WhiteElo "2439"]
[BlackElo "2374"]
[PlyCount "120"]
[EventDate "2005.04.18"]

1. d4 d5 2. c4 c6 3. Nc3 Nf6 4. e3 e6 5. Nf3 Nbd7 6. Bd3 Bd6 7. e4 dxe4 8. Nxe4
Nxe4 9. Bxe4 Bb4+ 10. Bd2 Bxd2+ 11. Qxd2 c5 12. O-O-O cxd4 13. Qxd4 O-O 14.
Bxb7 Bxb7 15. Qxd7 Qb6 16. Qd2 Rfc8 17. b3 a5 18. Ne5 Bd5 19. Kb2 Qc7 20. f4
Bc6 21. Rhe1 Be8 22. Rc1 Rab8 23. Ka1 Qc5 24. Nd3 Rd8 25. Qc3 Qa3 26. Re3 Bc6
27. g3 Be4 28. Nb2 Bc6 29. Rd3 Rdc8 30. Rcd1 h6 31. Qe5 Be8 32. b4 Qxb4 33. Rb3
f6 34. Rxb4 fxe5 35. Rxb8 Rxb8 36. fxe5 a4 37. a3 Kf7 38. Ka2 Kg6 39. Rd4 Rb3
40. Rd3 Rxd3 41. Nxd3 Kf5 42. Kb2 Ke4 43. Kc3 g5 44. Nc5+ Kxe5 45. Kb4 Bc6 46.
Nxa4 Kd4 47. Nc3 e5 48. a4 e4 49. a5 e3 50. Ne2+ Kd3 51. Ng1 Kd2 52. Kc5 Bg2
53. Kd4 Bb7 54. g4 Bc8 55. h3 e2 56. Nxe2 Kxe2 57. c5 Kf3 58. c6 Kg3 59. Kc5
Kxh3 60. Kb6 Kxg4 1-0